TEXT BOOK OF HISTOLOGICAL TECHNIQUES FOR MEDICAL LABORATORY TECHNOLOGY (Record no. 8760)

MARC details
000 -LEADER
fixed length control field 00502nam a22001817a 4500
005 - DATE AND TIME OF LATEST TRANSACTION
control field 20250415134328.0
008 - FIXED-LENGTH DATA ELEMENTS--GENERAL INFORMATION
fixed length control field 250414b |||||||| |||| 00| 0 eng d
020 ## - INTERNATIONAL STANDARD BOOK NUMBER
ISBN 978-93-93885-04-3
041 ## - LANGUAGE CODE
Language code of text/sound track or separate title eng
082 ## - DEWEY DECIMAL CLASSIFICATION NUMBER
Classification number 616.075 SUD-T
100 ## - MAIN ENTRY--AUTHOR NAME
Personal name R, SUDHA
245 ## - TITLE STATEMENT
Title TEXT BOOK OF HISTOLOGICAL TECHNIQUES FOR MEDICAL LABORATORY TECHNOLOGY
250 ## - EDITION STATEMENT
Edition statement 1ST ED. 2022
260 ## - PUBLICATION, DISTRIBUTION, ETC. (IMPRINT)
Place of publication BANGALORE
Name of publisher EMMESS MEDICAL PUBLISHERS
Year of publication BANGALORE
300 ## - PHYSICAL DESCRIPTION
Number of Pages 173;P
650 ## - SUBJECT ADDED ENTRY--TOPICAL TERM
Topical Term BMLT
942 ## - ADDED ENTRY ELEMENTS (KOHA)
Koha item type Books
Holdings
Lost status Damaged status Collection code Home library Current library Shelving location Date acquired Source of acquisition Cost, normal purchase price Full call number Accession Number Koha item type
    NEW ARRIVAL SHELF JRU Library JRU Library SHELF-28-A 14/04/2025 PURCHASE 375.00 616.075 28736 Books
    Bachelor of Medical Laboratory Technology JRU Library JRU Library SHELF-105-F 14/04/2025 PURCHASE 375.00 616.075 28737 Books
    Bachelor of Medical Laboratory Technology JRU Library JRU Library SHELF-105-F 14/04/2025 PURCHASE 375.00 616.075 28738 Books
    Bachelor of Medical Laboratory Technology JRU Library JRU Library SHELF-105-F 14/04/2025 PURCHASE 375.00 616.075 28739 Books
    Bachelor of Medical Laboratory Technology JRU Library JRU Library SHELF-105-F 14/04/2025 PURCHASE 375.00 616.075 28740 Books